Good dog
| Main Author: | |
|---|---|
| Format: | Book |
| Published: |
New York :
Scholastic ,
2018
|
| Subjects: |
MARC
| LEADER | 00000cam a2200000 7i4500 | ||
|---|---|---|---|
| 001 | 0000278483 | ||
| 005 | 20210121093453.0 | ||
| 020 | |a 9781338528756 | ||
| 090 | 0 | |a JF |b GEM | |
| 100 | 1 | |a Gemeinhart, Dan | |
| 245 | 1 | 0 | |a Good dog |c Dan Gemeinhart |
| 260 | |a New York : |b Scholastic , |c 2018 | ||
| 300 | |a 290p. ; |c 20cm. | ||
| 650 | 0 | |a Children's stories | |
| 999 | |a 00385767 |b BUKU |c PINJAMAN |e PERPUSTAKAAN KOMUNITI PETALING JAYA | ||